|
|
|
|
| LEADER |
00000nam0a2200000 4500 |
| 001 |
165222 |
| 005 |
20231031161650.0 |
| 010 |
|
|
|a 5247024486
|
| 020 |
|
|
|a RU
|b 92-20689
|
| 035 |
|
|
|a (RuTPU)RU\TPU\book\179236
|
| 090 |
|
|
|a 165222
|
| 100 |
|
|
|a 20090916d1992 km y0rusy5003 ca
|
| 101 |
0 |
|
|a rus
|
| 102 |
|
|
|a RU
|
| 105 |
|
|
|a a z 001zy
|
| 200 |
1 |
|
|a Низкочастотная электроразведка с линейными источниками гармонического поля
|f А. С. Нахабцев
|
| 210 |
|
|
|a СПб.
|c Недра
|d 1992
|
| 215 |
|
|
|a 359 с.
|c ил.
|
| 320 |
|
|
|a Библиогр.: с. 349-355.
|
| 610 |
1 |
|
|a низкочастотная электроразведка
|
| 610 |
1 |
|
|a линейные источники
|
| 610 |
1 |
|
|a магнитные поля
|
| 610 |
1 |
|
|a номограммы
|
| 610 |
1 |
|
|a электромагнитные поля
|
| 610 |
1 |
|
|a математическое моделирование
|
| 610 |
1 |
|
|a полевые работы
|
| 610 |
1 |
|
|a методика
|
| 610 |
1 |
|
|a техника
|
| 610 |
1 |
|
|a результаты
|
| 610 |
1 |
|
|a обработка
|
| 610 |
1 |
|
|a интерпретация
|
| 610 |
1 |
|
|a геологические задачи
|
| 610 |
1 |
|
|a решение
|
| 675 |
|
|
|a 550.837.6
|v 3
|
| 700 |
|
1 |
|a Нахабцев
|b А. С.
|g Александр Сергеевич
|4 070
|
| 801 |
|
0 |
|a RU
|b RuMRKP
|c 19950417
|g psbo
|
| 801 |
|
1 |
|a RU
|b 63413507
|c 20090916
|
| 801 |
|
2 |
|a RU
|b 63413507
|c 20100224
|g RCR
|
| 942 |
|
|
|c BK
|